Oxford Dictionary of Scientific Quotations (Record no. 4623)

MARC details
000 -LEADER
fixed length control field 00346nam a2200145Ia 4500
008 - FIXED-LENGTH DATA ELEMENTS--GENERAL INFORMATION
fixed length control field 230312s9999||||xx |||||||||||||| ||und||
020 ## - INTERNATIONAL STANDARD BOOK NUMBER
International Standard Book Number 0-19-861443-8
082 ## - DEWEY DECIMAL CLASSIFICATION NUMBER
Classification number 503
Item number OXF
245 #0 - TITLE STATEMENT
Title Oxford Dictionary of Scientific Quotations
260 ## - PUBLICATION, DISTRIBUTION, ETC.
Name of publisher, distributor, etc. Oxford Press
Place of publication, distribution, etc. UK
Date of publication, distribution, etc. 2006
300 ## - PHYSICAL DESCRIPTION
Extent 712
546 ## - LANGUAGE NOTE
Language note Eng.
650 ## - SUBJECT ADDED ENTRY--TOPICAL TERM
Topical term or geographic name entry element Dictionary
942 ## - ADDED ENTRY ELEMENTS (KOHA)
Koha item type BOOK
Holdings
Withdrawn status Lost status Source of classification or shelving scheme Damaged status Not for loan Home library Current library Date acquired Total Checkouts Full call number Barcode Date last seen Price effective from Koha item type
    Dewey Decimal Classification     Superior Information Resource Center (SIRC) Superior University- Main Campus Superior Information Resource Center (SIRC) Superior University- Main Campus 03/13/2023   503 OXF 4650 03/13/2023 03/13/2023 BOOK

Powered by Koha